Movies Quiz

Random Movies or Blitz Quiz
Score 0/20 Timer 03:00
3 Plays Today
Hint Answer % Correct
...has played James Bond in at least three films [4]Sean Connery...
87.8%
...has played CIA analyst Jack Ryan [4]Alec Baldwin...
87.5%
...was one of Ocean's 11 in 2001 and wasn't Ocean [10]Brad Pitt...
86.3%
...was one of the Top 10 box office stars of the 90s at least thrice and isn't named Tom [8]Harrison Ford...
83.2%
...is African-American and has won Best Actor [4]Sidney Poitier...
80%
...played either the Good, the Bad, or the Ugly [3]Eli Wallach...
77.6%
...played Inspector Jacques Clouseau in a Pink Panther movie [3]Peter Sellers...
75.5%
...was in at least seven Star Trek films [4]Leonard Nimoy...
74%
...was Oscar-nominated in On the Waterfront [4]Marlon Brando...
71.2%
...won an Oscar in a Martin Scorsese film [3]Robert De Niro...
70.1%
Hint Answer % Correct
...was top-billed in any of the Top 5 highest grossing movies of all time worldwide [4]Sam Worthington...
69.3%
...had the lead role in an Alfred Hitchcock movie from the 1950s [8]Farley Granger...
60.9%
...was in at least four Star Wars movies* [6]Anthony Daniels...
60.1%
...fights Rocky Balboa in the movie's concluding bout [5]Carl Weathers...
53.7%
...was in at least two Godfather films and isn't Al Pacino [4]Robert Duvall...
47.1%
...had appeared in at least six Wes Anderson films [2]Bill Murray...
40.4%
...has played the principal villain in a Mission: Impossible film [4]Michael Nyqvist...
39.2%
...has won three Best Actor awards [1]Daniel Day-Lewis
37.3%
...won Best Actor and whose first name begins with 'C' [6]Clark Gable...
36.2%
...received seven or more Oscar nominations, but won none of them [2]Peter O'Toole...
17%

You're not logged in!

Compare scores with friends on all Sporcle quizzes.
OR
Log In

Sporcle TV

Today on Sporcle TV


Watch our educational content, quiz creation guides, and fun videos on Sporcle TV.

Show Comments

Extras

Top Quizzes Today


Score Distribution

Paid Content

Your Account Isn't Verified!

In order to create a playlist on Sporcle, you need to verify the email address you used during registration. Go to your Sporcle Settings to finish the process.

Report this User

Report this user for behavior that violates our Community Guidelines.

Details: